000
00338nam a22001457a 4500
003
OSt
005
20230608062808.0
008
220707b xxu||||| |||| 00| 0 eng d
040
_c
IIMT UNIVERSITY MEERUT
100
_a
DR. SHARMA, S
245
_a
ANALOG & DIGITAL ELECTRONICS
260
_b
KATSON
300
_a
463
942
_2
ddc
_c
09
999
_c
52905
_d
52905